Power engineering international

Detalles Bibliográficos
Formato: Electrónico Revista
Lenguaje:inglés
Publicado: Tulsa, OK : PennWell Pub. Co., c1993-
Materias:
Acceso en línea:Full text available from Research Library: 01/01/2005 to 12/31/2013

MARC

LEADER 00000nas a2200000 a 4500
001 ssj0011252
003 WaSeSS
005 20200512172242.0
006 m d
007 cr n
008 930512d19932018okumr p s 0 a0eng c
010 |a  93658566   |z sn 93002266  
022 |l 1069-4994  |y 1069-4994 
032 |a 016235  |b USPS 
035 |a (WaSeSS)ssj0011252 
037 |b PennWell Publishing Co., 1421 S. Sheridan Road, Tulsa, OK 74112 
040 |a NSD  |b eng  |c NSD  |d DLC  |d NSD  |d DLC  |d NSD  |d DLC  |d OCLCQ  |d DLC  |d OCLCQ  |d DLC  |d OCLCF  |d OCLCO  |d DLC  |d WaSeSS 
042 |a nsdp  |a pcc 
050 0 0 |a TK1001  |b .P62 
082 0 0 |a 621.31/05  |2 20 
210 0 |a Power eng. int. 
222 0 |a Power engineering international 
245 0 0 |a Power engineering international  |h [electronic resource]. 
260 |a Tulsa, OK :  |b PennWell Pub. Co.,  |c c1993- 
310 |a Eleven times a year,  |b Jan. 2009 - 
321 |a Frequency varies,  |b 1993-2008 
321 |a Monthly,  |b <Oct. 2002>- Dec. 2005 
362 0 |a Vol. 1, no. 1 (Feb. 1993)- 
362 1 |a Ceased with v. 26, no. 6 (June 2018). 
500 |a Issued by the publishers of: Power engineering. 
500 |a Title from cover. 
500 |a Some issues accompanied by CD-ROM. 
506 |a License restrictions may limit access. 
588 |a Latest issue consulted: Vol. 18, no. 10 (Nov. 2010). 
650 0 |a Electric power production  |v Periodicals. 
650 0 |a Electric power transmission  |v Periodicals. 
650 7 |a Electric power production.  |2 fast  |0 (OCoLC)fst00905475 
650 7 |a Electric power transmission.  |2 fast  |0 (OCoLC)fst00905596 
655 0 |a Electronic journals. 
730 0 |a Power engineering. 
850 |a DLC 
856 4 0 |z Full text available from Research Library: 01/01/2005 to 12/31/2013  |u https://search.proquest.com/publication/29432